| 000 | 00926pam a2200265 a 4500 | ||
|---|---|---|---|
| 001 | 2030624 | ||
| 003 | OSt | ||
| 005 | 20180116183009.0 | ||
| 008 | 920131s1992 nyu 000 1 eng | ||
| 010 | _a 92007599 | ||
| 020 | _a0517077736 | ||
| 040 |
_aDLC _cDLC _dDLC |
||
| 050 | 0 | 0 |
_aPS3569.H3927 _bA6 1992 |
| 082 | 0 | 0 |
_a813/.54 SHE 1993 _220 |
| 100 | 1 | _aSheldon, Sidney. | |
| 240 | 1 | 0 |
_aNovels. _kSelections |
| 245 | 1 | 0 |
_aThree complete novels / _cSidney Sheldon. |
| 246 | 3 | _a3 complete novels | |
| 260 |
_aNew York : _bWings Books ; _aAvenel, N.J. : _bDistributed by Outlet Book Co., _c1992. |
||
| 300 |
_a755 p. ; _c24 cm. |
||
| 505 | 0 | _aBloodline -- A stranger in the mirror -- The naked face. | |
| 906 |
_a7 _bcbc _corignew _d1 _eocip _f19 _gy-gencatlg |
||
| 942 |
_2ddc _cBK |
||
| 999 |
_c350207 _d350207 |
||